[Event "6th American Continental (w)"]
[Site "Duran ECU"]
[Date "2011.06.17"]
[Round "7.2"]
[White "Cori Tello, Deysi"]
[Black "Rodriguez Rueda, Paula Andrea"]
[Result "1/2-1/2"]
[WhiteElo "2386"]
[BlackElo "2069"]
[EventDate "2011.06.12"]
[PlyCount "123"]

1.d4 d5 2.c4 c6 3.Nf3 Nf6 4.Qb3 dxc4 5.Qxc4 Bf5 6.Nc3 e6 7.g3 Be7 8.Bg2 
O-O 9.O-O Nbd7 10.Re1 Ne4 11.Qb3 Qb6 12.Nh4 Bb4 13.g4 Nxf2 14.Kxf2 Qxd4+ 
15.e3 Qxg4 16.Nxf5 exf5 17.Qd1 Qh4+ 18.Kg1 Ne5 19.Rf1 Rad8 20.Qe2 g6 21.
Rf4 Qe7 22.e4 Nd3 23.Rf1 Rfe8 24.Be3 Qe5 25.Rad1 Nxb2 26.Qxb2 Qxc3 27.Qxc3
Bxc3 28.Rxd8 Rxd8 29.exf5 Bd4 30.Bxd4 Rxd4 31.Rb1 gxf5 32.Rxb7 Ra4 33.Bxc6
Rxa2 34.Bd5 Ra5 35.Bxf7+ Kg7 36.Be8+ Kh6 37.h4 Re5 38.Bf7 Re4 39.h5 Rg4+ 
40.Kf2 Rg7 41.Rxa7 Kg5 42.Rb7 Kf6 43.Bd5 Rxb7 44.Bxb7 Kg5 45.Bf3 Kf4 46.
Ke2 h6 47.Kf2 Kg5 48.Ke3 Kf6 49.Kd4 Kg7 50.Ke5 Kh8 51.Kf6 Kh7 52.Kf7 f4 
53.Kf6 Kh8 54.Ke7 Kg7 55.Ke6 Kh8 56.Kf6 Kh7 57.Kf7 Kh8 58.Kg6 Kg8 59.Kxh6 
Kh8 60.Kg6 Kg8 61.h6 Kh8 62.h7 1/2-1/2

[Event "6th American Continental (w)"]
[Site "Duran ECU"]
[Date "2011.06.17"]
[Round "7.3"]
[White "Arribas Robaina, Maritza"]
[Black "Lujan, Carolina"]
[Result "1/2-1/2"]
[WhiteElo "2300"]
[BlackElo "2353"]
[EventDate "2011.06.12"]
[PlyCount "50"]

1.e4 c5 2.Nf3 d6 3.Bb5+ Nd7 4.O-O Nf6 5.Re1 a6 6.Bf1 b6 7.c3 Bb7 8.d3 g6 
9.Nbd2 Bg7 10.d4 cxd4 11.cxd4 O-O 12.b3 e5 13.dxe5 Nxe5 14.Nxe5 dxe5 15.
Bb2 Qe7 16.Nc4 Nxe4 17.Qc2 Qh4 18.Bxe5 Bxe5 19.Nxe5 Rfe8 20.Nf3 Qf6 21.
Rad1 Rac8 22.Qd3 Red8 23.Qe3 Rxd1 24.Rxd1 Rc3 25.Qd4 Qxd4 1/2-1/2

[Event "6th American Continental (w)"]
[Site "Duran ECU"]
[Date "2011.06.17"]
[Round "7.4"]
[White "Salazar Cardona, Aura Cristina"]
[Black "Marrero Lopez, Yaniet"]
[Result "1/2-1/2"]
[WhiteElo "2194"]
[BlackElo "2328"]
[EventDate "2011.06.12"]
[PlyCount "82"]

1.e4 e5 2.Nf3 Nc6 3.Bb5 a6 4.Ba4 Nf6 5.d4 exd4 6.O-O Be7 7.Re1 O-O 8.e5 
Nd5 9.Bb3 Nb6 10.Nxd4 Nxd4 11.Qxd4 c5 12.Qe4 d5 13.exd6 Bxd6 14.Bf4 Bxf4 
15.Qxf4 Qf6 16.Qxf6 gxf6 17.Nd2 Rd8 18.Rad1 Bf5 19.f3 Rac8 20.Nc4 Nxc4 21.
Bxc4 Bxc2 22.Rxd8+ Rxd8 23.Re7 b5 24.Bxf7+ Kf8 25.Rc7 Bb1 26.Bh5 Rd1+ 27.
Kf2 Rd2+ 28.Kg3 Rxb2 29.Rf7+ Kg8 30.Rxf6 a5 31.f4 Bxa2 32.Rc6 Bd5 33.Rxc5 
Bxg2 34.f5 Kg7 35.Be8 Bf1 36.Rc6 Rd2 37.f6+ Kh6 38.f7+ Kg7 39.Rf6 Rg2+ 40.
Kf3 Kf8 41.Bxb5 Rg6 1/2-1/2

[Event "6th American Continental (w)"]
[Site "Duran ECU"]
[Date "2011.06.17"]
[Round "7.5"]
[White "Mateus Urbano, Martha"]
[Black "Chirivi Castiblanco, Jenny Astrid"]
[Result "0-1"]
[WhiteElo "2170"]
[BlackElo "2226"]
[EventDate "2011.06.12"]
[PlyCount "128"]

1.e4 c5 2.Nf3 d6 3.d4 cxd4 4.Nxd4 Nf6 5.Nc3 a6 6.g3 e6 7.Bg2 Be7 8.O-O O-O
9.Be3 Qc7 10.g4 Nc6 11.g5 Nd7 12.f4 Nxd4 13.Bxd4 e5 14.Nd5 Qd8 15.fxe5 
dxe5 16.Nxe7+ Qxe7 17.Be3 Re8 18.Qh5 Nf8 19.b4 Be6 20.Bc5 Qc7 21.Rf3 Ng6 
22.Raf1 Nf4 23.Qh4 Bxa2 24.Be3 Ng6 25.Qh5 Be6 26.Bh3 Bc4 27.R1f2 Nf8 28.
Bc5 Re7 29.Bxe7 Qxe7 30.Bf1 Be6 31.c3 Ng6 32.Rd3 Nf4 33.Qh4 a5 34.bxa5 
Rxa5 35.Rxf4 exf4 36.Qxf4 Ra8 37.Qe5 Qa3 38.Qc7 Qa7+ 39.Kg2 Rf8 40.Rd8 Qa3
41.Rxf8+ Qxf8 42.Qxb7 Qd8 43.Qb5 g6 44.Be2 Qd6 45.h4 Qf4 46.Qd3 h6 47.gxh6
Qxh4 48.Qe3 Qe1 49.Qf3 Kh7 50.Bf1 Qd2+ 51.Kg1 Kxh6 52.Be2 Kg7 53.Qd3 Qc1+ 
54.Kf2 Qf4+ 55.Kg2 g5 56.Qd4+ Kh7 57.e5 Qc1 58.Qe4+ Kg7 59.Qf3 Qd2 60.Kf1 
g4 61.Qf6+ Kg8 62.c4 g3 63.Qf3 Bh3+ 64.Kg1 Qd4+ 0-1

[Event "6th American Continental (w)"]
[Site "Duran ECU"]
[Date "2011.06.17"]
[Round "7.6"]
[White "Romero Echeverria, Abigail"]
[Black "Real Pereyra, Diana Carime"]
[Result "1-0"]
[WhiteElo "2062"]
[BlackElo "1976"]
[EventDate "2011.06.12"]
[PlyCount "103"]

1.e4 c5 2.c3 d6 3.d4 Nf6 4.Bd3 e5 5.Nf3 Nc6 6.Bb5 cxd4 7.Bxc6+ bxc6 8.cxd4
Qc7 9.dxe5 dxe5 10.Qa4 Rb8 11.O-O Be7 12.Nc3 O-O 13.h3 Be6 14.Qc2 Rb7 15.
Bg5 Qb8 16.b3 h6 17.Bh4 g5 18.Bg3 Bd6 19.Na4 c5 20.Rfd1 Nh5 21.Qd2 Rd7 22.
Bh2 f6 23.Qc3 Rc8 24.Nb2 Rg7 25.Nc4 Bf8 26.g4 Nf4 27.Bxf4 gxf4 28.Kh2 Rd8 
29.Rg1 Rgd7 30.Qc2 Rd3 31.Ne1 R3d4 32.Nf3 Rd3 33.Ne1 R3d7 34.Rc1 Qb7 35.
Nf3 Rd3 36.Qe2 Kh7 37.g5 hxg5 38.Ncxe5 R3d6 39.Nxg5+ fxg5 40.Qh5+ Bh6 41.
Qg6+ Kh8 42.Qxh6+ Qh7 43.Ng6+ Kg8 44.Ne7+ Kh8 45.Qf6+ Qg7 46.Qxg5 Qxg5 47.
Rxg5 Bf7 48.Rcxc5 Rd2 49.Kg1 Rxa2 50.Rcf5 Bg8 51.Rxf4 Bh7 52.Rh5 1-0

[Event "6th American Continental (w)"]
[Site "Duran ECU"]
[Date "2011.06.17"]
[Round "7.7"]
[White "Cordero Loup, Ely Daniela"]
[Black "Salazar Loor, Sara"]
[Result "1-0"]
[WhiteElo "2058"]
[BlackElo "2002"]
[EventDate "2011.06.12"]
[PlyCount "59"]

1.d4 Nf6 2.Nf3 g6 3.c4 Bg7 4.g3 d6 5.Bg2 O-O 6.O-O Nc6 7.d5 Na5 8.Qa4 b6 
9.Bd2 Bd7 10.Qc2 Bf5 11.Qc1 Nb7 12.Bh6 a5 13.Bxg7 Kxg7 14.Nc3 Nc5 15.Re1 
Nce4 16.Nd4 Qd7 17.g4 Nxf2 18.gxf5 N2g4 19.Rf1 Ne5 20.Ne4 Nxe4 21.Bxe4 Kh8
22.Kh1 Rae8 23.Qh6 Rg8 24.fxg6 fxg6 25.Ne6 Ng4 26.Qh4 Ne5 27.Rf2 c6 28.
Raf1 cxd5 29.Bxd5 h5 30.Qg5 1-0

[Event "6th American Continental (w)"]
[Site "Duran ECU"]
[Date "2011.06.17"]
[Round "7.8"]
[White "Heredia Serrano, Carla"]
[Black "Plazaola, Maria De los Angeles"]
[Result "0-1"]
[WhiteElo "2071"]
[BlackElo "2181"]
[EventDate "2011.06.12"]
[PlyCount "93"]

1.e4 c5 2.Nf3 Nc6 3.Bb5 g6 4.O-O Bg7 5.Re1 Nf6 6.e5 Nd5 7.Nc3 Nc7 8.Bxc6 
dxc6 9.Ne4 Ne6 10.d3 O-O 11.Be3 b6 12.Qd2 Nd4 13.Nxd4 cxd4 14.Bh6 Qd5 15.
Bxg7 Kxg7 16.Qf4 c5 17.b3 Qe6 18.Qh4 h6 19.f4 Bd7 20.a4 Rac8 21.Ng3 Rce8 
22.Ne4 Bc6 23.Qg3 Qd7 24.h4 h5 25.Ng5 Qg4 26.Qxg4 hxg4 27.Kf2 Bd5 28.Ne4 
Rd8 29.a5 Bxe4 30.Rxe4 b5 31.Kg3 f5 32.exf6+ exf6 33.Re7+ Rf7 34.Rxf7+ 
Kxf7 35.Kxg4 Re8 36.Kf3 Re3+ 37.Kf2 Ke6 38.Re1 Rxe1 39.Kxe1 Kf5 40.g3 Kg4 
41.Kf2 a6 42.Kg2 f5 43.Kf2 Kh5 44.Kf3 Kh6 45.g4 Kg7 46.Kg3 Kh7 47.h5 0-1

[Event "6th American Continental (w)"]
[Site "Duran ECU"]
[Date "2011.06.17"]
[Round "7.9"]
[White "Orozco Lopez, Luz Elena"]
[Black "Ubaldo Suarez, Maria Gisela"]
[Result "1/2-1/2"]
[WhiteElo "2145"]
[BlackElo "2079"]
[EventDate "2011.06.12"]
[PlyCount "100"]

1.e4 c5 2.Nf3 Nc6 3.d4 cxd4 4.Nxd4 Nf6 5.Nc3 g6 6.Nxc6 bxc6 7.e5 Ng8 8.Bc4
Bg7 9.Qf3 f5 10.Bf4 Qa5 11.Qe3 Qb6 12.Qd3 Qc5 13.Qe2 e6 14.O-O Nh6 15.Rfe1
Nf7 16.Rad1 O-O 17.Bb3 g5 18.Na4 Qa5 19.Bd2 Qxe5 20.Qd3 Qf6 21.Bc3 Qg6 22.
Bb4 Re8 23.Nc5 d6 24.Na4 c5 25.Qb5 Ne5 26.Bc3 Bd7 27.Qa6 c4 28.Bxe5 Bxe5 
29.Bxc4 Bxa4 30.Qxa4 Qh6 31.g3 f4 32.Bb5 Re7 33.Qe4 Rf8 34.Be2 Qf6 35.Bf1 
fxg3 36.fxg3 Qf2+ 37.Kh1 Rf6 38.Bg2 Qb6 39.Rf1 Ref7 40.b3 Rxf1+ 41.Rxf1 
Rxf1+ 42.Bxf1 Qf2 43.Bd3 Qf7 44.c4 Bc3 45.Qa8+ Kg7 46.Qe4 Kg8 47.Kg2 Bb4 
48.Be2 Bc5 49.Qf3 Qe7 50.Bd3 Kg7 1/2-1/2

[Event "6th American Continental (w)"]
[Site "Duran ECU"]
[Date "2011.06.17"]
[Round "7.10"]
[White "Martinez, Ayelen"]
[Black "Pachon, Adriana"]
[Result "1/2-1/2"]
[WhiteElo "1992"]
[BlackElo "1976"]
[EventDate "2011.06.12"]
[PlyCount "131"]

1.f4 Nc6 2.Nf3 d5 3.e3 Bg4 4.Bb5 Qd6 5.b3 a6 6.Bxc6+ Qxc6 7.O-O Bxf3 8.
Rxf3 Nf6 9.d3 e6 10.Bb2 O-O-O 11.Nd2 Bb4 12.Rg3 Bc3 13.Bxc3 Qxc3 14.Nf3 
Nd7 15.d4 Qxe3+ 16.Kh1 Qxf4 17.Qd3 Qh6 18.Ng5 Rdf8 19.c4 Nf6 20.cxd5 Nxd5 
21.Rf1 f5 22.Qe2 Rf6 23.Qe5 Re8 24.Nxe6 c6 25.Rc3 Rfxe6 26.Qxd5 Qd2 27.Qf3
Qxd4 28.h3 Qe4 29.Qxf5 Qxf5 30.Rxf5 Re2 31.Rf7 R8e7 32.Rf8+ Kc7 33.a4 Kb6 
34.b4 Ra2 35.a5+ Kb5 36.Rf4 Re5 37.Rb3 Rae2 38.Rg3 g6 39.Rgg4 Ka4 40.Kh2 
Rb5 41.Rf7 h5 42.Rxg6 Rxb4 43.Rg5 h4 44.Rg4 Rb2 45.Rxb7 Kxa5 46.Rh7 Rxg4 
47.hxg4 c5 48.g5 Rb6 49.Rxh4 Rg6 50.Rg4 Kb5 51.Kg1 c4 52.Kf2 c3 53.Ke2 Rd6
54.Rh4 c2 55.Rh1 Kb4 56.g6 Rxg6 57.Kd2 Rxg2+ 58.Kc1 a5 59.Rh4+ Kb3 60.Rh3+
Kc4 61.Rh4+ Kc3 62.Rh3+ Kd4 63.Rh4+ Kd3 64.Rh3+ Kd4 65.Rh4+ Ke3 66.Rh3+ 
1/2-1/2

[Event "6th American Continental (w)"]
[Site "Duran ECU"]
[Date "2011.06.17"]
[Round "7.11"]
[White "Mendoza Velazquez, Lorena Alejandra"]
[Black "Castrillon Gomez, Melissa"]
[Result "0-1"]
[WhiteElo "2033"]
[BlackElo "2386"]
[EventDate "2011.06.12"]
[PlyCount "58"]

1.d4 Nf6 2.Nf3 g6 3.c4 Bg7 4.Nc3 O-O 5.e4 d6 6.Be3 Na6 7.h3 e5 8.d5 Nh5 9.
g4 Nf4 10.Rg1 c6 11.Qd2 cxd5 12.Nxd5 Nc5 13.Bxc5 dxc5 14.O-O-O Be6 15.Nxf4
Qxd2+ 16.Rxd2 exf4 17.Ng5 Rad8 18.Rxd8 Rxd8 19.Nxe6 fxe6 20.f3 Bd4 21.Rg2 
Be3+ 22.Kc2 Kf7 23.Bd3 Kf6 24.b3 Kg5 25.h4+ Kxh4 26.Rh2+ Kg3 27.Rxh7 Kxf3 
28.g5 Kg2 29.Rf7 e5 0-1

[Event "6th American Continental (w)"]
[Site "Duran ECU"]
[Date "2011.06.17"]
[Round "7.12"]
[White "Frometa Castillo, Zirka"]
[Black "Fandino Reyes, Roquelina"]
[Result "1-0"]
[WhiteElo "2125"]
[BlackElo "2147"]
[EventDate "2011.06.12"]
[PlyCount "73"]

1.d4 d5 2.Nf3 c6 3.Bf4 Nf6 4.e3 Nbd7 5.Bd3 g6 6.h3 Bg7 7.Nbd2 O-O 8.O-O 
Re8 9.Bh2 a6 10.c3 c5 11.Ne5 Qb6 12.Rb1 Nxe5 13.Bxe5 Bd7 14.f4 Rac8 15.Qf3
c4 16.Bxf6 exf6 17.Bc2 Qa5 18.a3 Re7 19.e4 Bc6 20.e5 Rd8 21.Qf2 Bd7 22.Nf3
f5 23.Qh4 Rde8 24.g4 Qb6 25.gxf5 Bxf5 26.Bxf5 gxf5 27.Kh2 Re6 28.Rg1 Rg6 
29.Qh5 Ree6 30.Ng5 h6 31.Nxe6 Qxe6 32.Qh4 Kh7 33.Rxg6 fxg6 34.Qd8 g5 35.
Rg1 g4 36.hxg4 fxg4 37.Qh4 1-0

[Event "6th American Continental (w)"]
[Site "Duran ECU"]
[Date "2011.06.17"]
[Round "7.13"]
[White "Matute Loja, Maria Belen"]
[Black "Rosales Murillo, Cristina"]
[Result "1-0"]
[WhiteElo "1946"]
[BlackElo "1638"]
[EventDate "2011.06.12"]
[PlyCount "71"]

1.e4 c5 2.Nf3 d6 3.d4 cxd4 4.Nxd4 Nf6 5.Nc3 g6 6.Be3 Bg7 7.f3 O-O 8.Qd2 
Nc6 9.O-O-O Nxd4 10.Bxd4 Be6 11.Kb1 Qc7 12.g4 Rfc8 13.h4 Qa5 14.Nd5 Qxd2 
15.Rxd2 Nxd5 16.exd5 Bxd5 17.Bxg7 Bxf3 18.Rh3 Bxg4 19.Rg3 Kxg7 20.Rxg4 a6 
21.Bg2 Rc7 22.Rb4 Rb8 23.Rb6 f5 24.Rd4 Kf6 25.Rdb4 h6 26.a4 g5 27.hxg5+ 
hxg5 28.Rxb7 Rcxb7 29.Rxb7 Rxb7 30.Bxb7 g4 31.a5 f4 32.b4 f3 33.b5 e5 34.
bxa6 f2 35.Bg2 e4 36.a7 1-0

[Event "6th American Continental (w)"]
[Site "Duran ECU"]
[Date "2011.06.18"]
[Round "8.1"]
[White "Linares Napoles, Oleiny"]
[Black "Lujan, Carolina"]
[Result "0-1"]
[WhiteElo "2319"]
[BlackElo "2353"]
[EventDate "2011.06.12"]
[PlyCount "112"]

1.Nf3 f5 2.e4 fxe4 3.Ng5 Nf6 4.d3 e5 5.dxe4 h6 6.Nf3 Bc5 7.Bc4 d6 8.Nc3 
Qe7 9.Qe2 Nc6 10.Nd5 Nxd5 11.Bxd5 Nd8 12.Be3 Bb6 13.Nd2 g6 14.Nc4 Bxe3 15.
Nxe3 c6 16.Bb3 Ne6 17.c3 Nc5 18.Bc2 Be6 19.b4 Nd7 20.O-O O-O 21.Rfd1 Nf6 
22.Rd2 Rad8 23.Rad1 Kh7 24.c4 Nh5 25.g3 Qg5 26.h4 Qe7 27.Nf5 gxf5 28.exf5 
Bxf5 29.Qxh5 Bxc2 30.Rxc2 Rf6 31.Re1 Qg7 32.Re3 Rdf8 33.Qd1 Qf7 34.Qe2 Qe6
35.Qd3+ Kg7 36.Rce2 Qg4 37.a3 Qd4 38.Qxd4 exd4 39.Re4 c5 40.f4 Rd8 41.Kf2 
a5 42.Rb2 axb4 43.axb4 b6 44.Ke2 d5 45.Re7+ Kf8 46.Re5 dxc4 47.bxc5 bxc5 
48.Rxc5 c3 49.Rb3 Re6+ 50.Kd1 Re3 51.g4 Rf3 52.Rf5+ Kg8 53.g5 Rf1+ 54.Kc2 
d3+ 55.Kxc3 d2 56.Rb6 Rc1+ 0-1

[Event "6th American Continental (w)"]
[Site "Duran ECU"]
[Date "2011.06.18"]
[Round "8.2"]
[White "Cori Tello, Deysi"]
[Black "Orozco Lopez, Lina Yomayra"]
[Result "1-0"]
[WhiteElo "2386"]
[BlackElo "2145"]
[EventDate "2011.06.12"]
[PlyCount "59"]

1.d4 Nf6 2.c4 e6 3.g3 c5 4.d5 exd5 5.cxd5 d6 6.Bg2 g6 7.Nf3 Bg7 8.O-O O-O 
9.Nc3 a6 10.a4 Re8 11.Bf4 Bg4 12.Nd2 Nh5 13.Be3 Bc8 14.Nc4 Qc7 15.Qd2 Nd7 
16.Ne4 Bf8 17.Bf4 Nxf4 18.Qxf4 f5 19.Nexd6 Rxe2 20.Bf3 Rc2 21.Rfe1 Nb6 22.
Nxb6 Qxb6 23.Re8 c4 24.Rf1 Qc5 25.Qe5 Qc7 26.Rxf8+ Kxf8 27.Qh8+ Ke7 28.
Re1+ Kd7 29.Qe8+ Kxd6 30.Qf8+ 1-0

[Event "6th American Continental (w)"]
[Site "Duran ECU"]
[Date "2011.06.18"]
[Round "8.3"]
[White "Marrero Lopez, Yaniet"]
[Black "Romero Echeverria, Abigail"]
[Result "1/2-1/2"]
[WhiteElo "2328"]
[BlackElo "2062"]
[EventDate "2011.06.12"]
[PlyCount "96"]

1.e4 c5 2.Nf3 e6 3.d4 cxd4 4.Nxd4 a6 5.Bd3 g6 6.O-O Bg7 7.c3 d5 8.f4 dxe4 
9.Bxe4 Nf6 10.Bf3 O-O 11.Nd2 Qc7 12.Qe2 Nbd7 13.a4 e5 14.N4b3 exf4 15.Qc4 
Qb6+ 16.Kh1 Ne5 17.Qxf4 Nxf3 18.Qxf3 Bg4 19.Qg3 Bf5 20.a5 Qd8 21.Nd4 Ne4 
22.Nxe4 Bxe4 23.Bg5 Qd5 24.Bf6 Rae8 25.b4 Bxf6 26.Rxf6 Re5 27.Nf3 Bxf3 28.
Qxf3 Qxf3 29.gxf3 Rd8 30.Ra2 Rg5 31.h3 Rd3 32.c4 Kg7 33.Rf4 Rb3 34.c5 Re5 
35.Rd2 g5 36.Rc4 Rxf3 37.Kg2 Rb3 38.h4 h6 39.hxg5 hxg5 40.Kf2 Re7 41.Rd6 
Rc7 42.Rcd4 Re7 43.Rb6 f5 44.Rdd6 Rb2+ 45.Kf1 Rb1+ 46.Kf2 Rb2+ 47.Kf1 Rb1+
48.Kf2 Rb2+ 1/2-1/2

[Event "6th American Continental (w)"]
[Site "Duran ECU"]
[Date "2011.06.18"]
[Round "8.4"]
[White "Chirivi Castiblanco, Jenny Astrid"]
[Black "Rodriguez Rueda, Paula Andrea"]
[Result "0-1"]
[WhiteElo "2226"]
[BlackElo "2069"]
[EventDate "2011.06.12"]
[PlyCount "154"]

1.d4 d5 2.c4 c6 3.Nf3 Nf6 4.Nc3 e6 5.e3 Nbd7 6.Bd3 Bd6 7.e4 dxe4 8.Nxe4 
Nxe4 9.Bxe4 e5 10.O-O O-O 11.dxe5 Nxe5 12.Nxe5 Bxe5 13.Bxh7+ Kxh7 14.Qh5+ 
Kg8 15.Qxe5 Re8 16.Qc3 Re4 17.Be3 Be6 18.b3 Qc7 19.Bd4 Rg4 20.f3 Rg6 21.f4
Bf5 22.Be5 Qb6+ 23.c5 Qb5 24.Rf2 Rd8 25.Bd6 b6 26.a4 Qa6 27.Bc7 Rd3 28.Qe5
Qc8 29.cxb6 axb6 30.Bxb6 Rxb3 31.a5 Re6 32.Qc5 Rb5 33.Qc3 c5 34.Rd1 Qc6 
35.Rc1 c4 36.h3 Bd3 37.Rf3 Rg6 38.Rf2 Rd5 39.Kh2 Qd7 40.Ra1 Rh5 41.Rf3 Qg4
42.Ra2 Qxf3 43.gxf3 Bf1 44.Kh1 Rxh3+ 45.Rh2 Bg2+ 46.Kg1 Bxf3+ 47.Kf2 Rxh2+
48.Ke3 Bc6 49.Kd4 Rf2 50.Bc7 Bb5 51.Be5 Rc6 52.Qb4 Ba6 53.Kd5 Rc8 54.Qb6 
Rd2+ 55.Ke4 Ra8 56.Qc6 Rdd8 57.Qb6 Re8 58.Kf3 Re6 59.Qc5 Rc8 60.Qb4 Rd8 
61.Kf2 f6 62.Bc3 Rde8 63.Kf1 Re3 64.Kf2 Re2+ 65.Kf1 R2e4 66.Qd6 Bc8 67.a6 
Re3 68.Qd5+ Be6 69.Qd4 Rd3 70.Qc5 Rxc3 71.a7 Rd3 72.Qc6 Rdd8 73.Qc5 Rc8 
74.Qa5 c3 75.a8=Q c2 76.Qf3 c1=Q+ 77.Kf2 Rc2+ 0-1

[Event "6th American Continental (w)"]
[Site "Duran ECU"]
[Date "2011.06.18"]
[Round "8.5"]
[White "Arribas Robaina, Maritza"]
[Black "Cordero Loup, Ely Daniela"]
[Result "1-0"]
[WhiteElo "2300"]
[BlackElo "2058"]
[EventDate "2011.06.12"]
[PlyCount "85"]

1.Nf3 e6 2.g3 b5 3.Bg2 Bb7 4.O-O c5 5.c3 Nf6 6.d4 d5 7.Bg5 Nbd7 8.a4 a6 9.
axb5 axb5 10.Na3 Qb6 11.dxc5 Bxc5 12.b4 Bxf2+ 13.Rxf2 Ne4 14.Qd4 Nxf2 15.
Kxf2 O-O 16.Nc2 Rfc8 17.Rxa8 Bxa8 18.Bd2 Bc6 19.Nce1 f6 20.Bh3 Kf7 21.Nd3 
Qxd4+ 22.Nxd4 f5 23.Be3 Kf6 24.Nxc6 Rxc6 25.Nc5 Nb6 26.Bg2 e5 27.Nb7 e4 
28.Bd4+ Kg6 29.Na5 Re6 30.Ke3 Nc4+ 31.Nxc4 dxc4 32.Kf4 Re8 33.g4 fxg4 34.
Kxg4 h5+ 35.Kf4 Kh6 36.Bxe4 g5+ 37.Kf5 Rf8+ 38.Bf6 g4 39.Bc6 h4 40.e4 g3 
41.hxg3 hxg3 42.e5 Rc8 43.Bg2 1-0

[Event "6th American Continental (w)"]
[Site "Duran ECU"]
[Date "2011.06.18"]
[Round "8.6"]
[White "Plazaola, Maria De los Angeles"]
[Black "Salazar Cardona, Aura Cristina"]
[Result "0-1"]
[WhiteElo "2181"]
[BlackElo "2194"]
[EventDate "2011.06.12"]
[PlyCount "54"]

1.e4 c5 2.c3 Nf6 3.e5 Nd5 4.Nf3 e6 5.Bb5 a6 6.Ba4 b5 7.Bc2 d6 8.O-O dxe5 
9.Nxe5 Bd6 10.d4 O-O 11.Nd2 cxd4 12.cxd4 Nd7 13.Re1 Bb7 14.Ne4 Nxe5 15.
dxe5 Bb4 16.Bg5 Qc7 17.Nf6+ Nxf6 18.Bxf6 Bxe1 19.Rc1 Bxf2+ 20.Kh1 g6 21.
Qe2 Qc6 22.Qxf2 Qxg2+ 23.Qxg2 Bxg2+ 24.Kxg2 Rfc8 25.Bg5 Rc4 26.Bd3 Rxc1 
27.Bxc1 Rd8 0-1

[Event "6th American Continental (w)"]
[Site "Duran ECU"]
[Date "2011.06.18"]
[Round "8.7"]
[White "Ubaldo Suarez, Maria Gisela"]
[Black "Mateus Urbano, Martha"]
[Result "0-1"]
[WhiteElo "2079"]
[BlackElo "2170"]
[EventDate "2011.06.12"]
[PlyCount "70"]

1.d4 d5 2.Nf3 Nf6 3.c4 e6 4.Nc3 Bb4 5.e3 Ne4 6.Qc2 Nd7 7.Bd3 f5 8.a3 Bxc3+
9.bxc3 O-O 10.cxd5 exd5 11.O-O Rf6 12.Qb3 Nb6 13.Ne5 Rh6 14.f4 Be6 15.Ra2 
Rc8 16.Bxe4 dxe4 17.c4 c6 18.a4 Nd7 19.Nxd7 Qxd7 20.Rd2 Bf7 21.a5 b5 22.
axb6 axb6 23.Qxb6 Bxc4 24.Rfd1 Qf7 25.Qb4 Bd3 26.Ba3 Qh5 27.h3 Kh8 28.Qb7 
Rg8 29.Rc1 Qh4 30.Kh1 Qg3 31.d5 Qxe3 32.Rdd1 Be2 33.Bc5 Rxh3+ 34.gxh3 
Qxh3+ 35.Kg1 Qg3+ 0-1

[Event "6th American Continental (w)"]
[Site "Duran ECU"]
[Date "2011.06.18"]
[Round "8.8"]
[White "Salazar Loor, Sara"]
[Black "Orozco Lopez, Luz Elena"]
[Result "0-1"]
[WhiteElo "2002"]
[BlackElo "2145"]
[EventDate "2011.06.12"]
[PlyCount "106"]

1.e4 c5 2.Nf3 Nc6 3.d4 cxd4 4.Nxd4 Qb6 5.Nb3 Nf6 6.Bd3 e6 7.O-O Be7 8.Nc3 
a6 9.Qe2 Qc7 10.f4 d6 11.a4 b6 12.Be3 O-O 13.Rae1 Nd7 14.Qg4 Nb4 15.f5 Ne5
16.Qg3 Kh8 17.Rd1 Rb8 18.Nd4 Bf6 19.Kh1 Qe7 20.Be2 Bd7 21.Rd2 Rbc8 22.Nd1 
Bxa4 23.c3 Nbc6 24.Bxa6 Ra8 25.Be2 Na5 26.Qh3 Nac4 27.Bxc4 Nxc4 28.Rdf2 e5
29.Nc2 Bb3 30.Nb4 Ra1 31.Nd5 Qd8 32.Qg4 Rb1 33.g3 b5 34.h4 Qa5 35.Bg5 Qa1 
36.N5e3 Nxe3 37.Nxe3 Rxf1+ 38.Nxf1 Bc4 39.Qh3 Qe1 40.Qg2 Bd3 41.Bd2 Qxe4 
42.Ne3 Qa4 43.b4 Qa8 44.Nd5 Bc4 45.Nxf6 gxf6 46.Kh2 Bd5 47.Qf1 Qc6 48.Qe2 
Ra8 49.Qe3 Ra1 50.g4 Rh1+ 51.Kg3 Qc4 52.Qa7 Rg1+ 53.Kh2 Rxg4 0-1

[Event "6th American Continental (w)"]
[Site "Duran ECU"]
[Date "2011.06.18"]
[Round "8.9"]
[White "Castrillon Gomez, Melissa"]
[Black "Martinez, Ayelen"]
[Result "1/2-1/2"]
[WhiteElo "2386"]
[BlackElo "1992"]
[EventDate "2011.06.12"]
[PlyCount "102"]

1.e4 c5 2.Nc3 d6 3.Nge2 g6 4.d4 cxd4 5.Nxd4 Nf6 6.Be3 a6 7.f3 b5 8.Qd2 h5 
9.a4 Qa5 10.Nb3 Qd8 11.Nd5 bxa4 12.Bb6 Bh6 13.Qa5 Qd7 14.Nc7+ Kf8 15.Qxa4 
Bb7 16.Qxd7 Nbxd7 17.Nxa8 Bxa8 18.Bd4 e5 19.Bc3 d5 20.Rxa6 Kg7 21.exd5 
Nxd5 22.Rd6 N7f6 23.Bd2 Ne3 24.Bxe3 Bxe3 25.Bb5 e4 26.Ke2 Bf4 27.Ra6 exf3+
28.gxf3 Be5 29.Rha1 Bb7 30.Ra7 Rb8 31.c4 Bxb2 32.Rb1 Be5 33.Na5 Ra8 34.
Rxa8 Bxa8 35.c5 Nd5 36.Rb3 Bxh2 37.c6 Bc7 38.Nb7 Nf4+ 39.Ke3 h4 40.Ra3 
Nd5+ 41.Kf2 Bb6+ 42.Kg2 Nc7 43.Bc4 f6 44.Rd3 g5 45.Rd8 f5 46.Rc8 Kf6 47.
Nd8 g4 48.f4 h3+ 49.Kg3 Ba5 50.Kh2 Bd2 51.Kg3 Be1+ 1/2-1/2

[Event "6th American Continental (w)"]
[Site "Duran ECU"]
[Date "2011.06.18"]
[Round "8.10"]
[White "Pachon, Adriana"]
[Black "Real Pereyra, Diana Carime"]
[Result "1/2-1/2"]
[WhiteElo "1976"]
[BlackElo "1976"]
[EventDate "2011.06.12"]
[PlyCount "84"]

1.e4 c5 2.c3 d6 3.d4 Nf6 4.Bd3 e5 5.Nf3 Nc6 6.dxe5 dxe5 7.O-O Be7 8.Na3 
O-O 9.Qe2 h6 10.Bb5 Qc7 11.Nc4 Nd7 12.Bxc6 bxc6 13.Ne3 Nf6 14.Qc2 Rd8 15.
Bd2 Be6 16.Rfe1 c4 17.b3 cxb3 18.axb3 Nd7 19.c4 a5 20.Bc3 Bf6 21.Red1 Rdb8
22.b4 axb4 23.Rxa8 Rxa8 24.Bxb4 Qb7 25.Bc3 Qc7 26.h3 Nb6 27.Bb4 Qa7 28.Bd6
Nd7 29.c5 Qa2 30.Rc1 Qxc2 31.Rxc2 Ra4 32.Nd2 Bd8 33.Nec4 f6 34.f3 Kh7 35.
Kf2 Rb4 36.Ke3 Rb5 37.Nb2 Ba5 38.Nd3 Rb7 39.Nc4 Bd8 40.Rc1 Rb3 41.Nd2 Rb5 
42.Nb1 Ba5 1/2-1/2

[Event "6th American Continental (w)"]
[Site "Duran ECU"]
[Date "2011.06.18"]
[Round "8.11"]
[White "Matute Loja, Maria Belen"]
[Black "Frometa Castillo, Zirka"]
[Result "1/2-1/2"]
[WhiteElo "1946"]
[BlackElo "2125"]
[EventDate "2011.06.12"]
[PlyCount "55"]

1.e4 c6 2.d4 d5 3.Nd2 g6 4.h3 Bg7 5.Ngf3 Nh6 6.Be2 dxe4 7.Nxe4 Nf5 8.c3 
Nd6 9.Nfd2 Bf5 10.Bf3 O-O 11.O-O Na6 12.Nxd6 exd6 13.d5 c5 14.a4 Bd3 15.
Re1 Re8 16.Ne4 c4 17.Bg5 Qd7 18.Nf6+ Bxf6 19.Bxf6 Rxe1+ 20.Qxe1 Re8 21.Qd2
Qf5 22.Bd4 Nc5 23.Qh6 f6 24.Bg4 Qg5 25.Qxg5 fxg5 26.Bxc5 dxc5 27.a5 Kf8 
28.Rd1 1/2-1/2

[Event "6th American Continental (w)"]
[Site "Duran ECU"]
[Date "2011.06.18"]
[Round "8.12"]
[White "Mendoza Velazquez, Lorena Alejandra"]
[Black "Heredia Serrano, Carla"]
[Result "0-1"]
[WhiteElo "2033"]
[BlackElo "2071"]
[EventDate "2011.06.12"]
[PlyCount "124"]

1.d4 Nf6 2.Nf3 d6 3.c4 g6 4.Nc3 Bg7 5.g3 O-O 6.Bg2 Nbd7 7.O-O e5 8.e4 exd4
9.Nxd4 a6 10.h3 Re8 11.Be3 Rb8 12.a4 Ne5 13.b3 c5 14.Nde2 Nc6 15.Qd2 Be6 
16.Rad1 Qa5 17.f4 Rbd8 18.f5 Bc8 19.fxg6 fxg6 20.Bg5 Re6 21.Nd5 Qxd2 22.
Rxd2 Rf8 23.Nxf6+ Bxf6 24.Bxf6 Rexf6 25.Rxf6 Rxf6 26.Nc1 Nd4 27.Rf2 Kf7 
28.e5 dxe5 29.Nd3 Rxf2 30.Kxf2 Nxb3 31.Nxe5+ Kf6 32.Nd3 b6 33.Ke3 Na5 34.
Nb2 Bb7 35.Bf1 Nb3 36.Kf4 g5+ 37.Ke3 Bc6 38.Bd3 h6 39.Be4 Bd7 40.Bg2 Nd4 
41.Bf1 Nf5+ 42.Kf2 a5 43.g4 Nd6 44.Ke3 Bc6 45.Kf2 Ke5 46.Ke3 Be4 47.Nd3+ 
Ke6 48.Nb2 Bc6 49.Kf2 Ne8 50.Be2 Ng7 51.Bf1 Ke5 52.Ke3 Ne6 53.Nd3+ Kd6 54.
Nb2 Nf4 55.Kf2 Ke5 56.Ke3 Be4 57.Nd1 Bg2 58.Bxg2 Nxg2+ 59.Kf2 Nf4 60.Ne3 
Nxh3+ 61.Kg3 Nf4 62.Nf5 Ne2+ 0-1

[Event "6th American Continental (w)"]
[Site "Duran ECU"]
[Date "2011.06.18"]
[Round "8.13"]
[White "Fandino Reyes, Roquelina"]
[Black "Rosales Murillo, Cristina"]
[Result "1-0"]
[WhiteElo "2147"]
[BlackElo "1638"]
[EventDate "2011.06.12"]
[PlyCount "27"]

1.e4 c5 2.Nf3 d6 3.Bb5+ Bd7 4.Bxd7+ Qxd7 5.e5 dxe5 6.Nxe5 Qc7 7.d4 cxd4 8.
Bf4 Qd8 9.Na3 e6 10.Nb5 Nf6 11.Nc4 Ne4 12.Qe2 Qd5 13.a4 Bc5 14.Qxe4 1-0

[Event "6th American Continental (w)"]
[Site "Duran ECU"]
[Date "2011.06.19"]
[Round "9.1"]
[White "Mateus Urbano, Martha"]
[Black "Cori Tello, Deysi"]
[Result "0-1"]
[WhiteElo "2170"]
[BlackElo "2386"]
[EventDate "2011.06.12"]
[PlyCount "104"]

1.e4 e6 2.d3 d5 3.Nd2 Nc6 4.Ngf3 Nf6 5.c3 Bd6 6.Be2 O-O 7.O-O Bf4 8.exd5 
exd5 9.Nb3 Bd6 10.Bg5 h6 11.Bh4 g5 12.Bg3 Ne7 13.Qd2 Ng6 14.Bxd6 Qxd6 15.
g3 c5 16.Rfe1 g4 17.Nh4 Nxh4 18.gxh4 Nh5 19.Qe3 b6 20.Bf1 Nf4 21.d4 c4 22.
Nd2 Bd7 23.Qe5 Qxe5 24.Rxe5 Be6 25.Bg2 Rad8 26.f3 f6 27.Re3 f5 28.Rf1 Rd6 
29.fxg4 fxg4 30.Rxf4 Rxf4 31.Rxe6 Rxe6 32.Bxd5 Kf7 33.Nxc4 Ke7 34.Bxe6 
Kxe6 35.Ne5 h5 36.a4 Kd5 37.Kg2 Rf8 38.Ng6 Rf7 39.Ne5 Rf6 40.b4 Ke4 41.b5 
Ke3 42.Nc6 Rf2+ 43.Kg3 Ke2 44.c4 Kf1 45.Ne5 Rg2+ 46.Kf4 Rxh2 47.c5 bxc5 
48.dxc5 Rf2+ 49.Kg3 Rf5 50.b6 axb6 51.cxb6 Rxe5 52.b7 Re3+ 0-1